000 00598nam a2200181Ia 4500
005 20250508150628.0
008 008 250505s9999 xx 000 0 eng d
037 _aTextual
040 _aFEDL
_beng
_cFEDL
041 _aeng
_2eng
084 _a820.1, SHO
_qFEDL
100 _aShoemaker Farncis
_9757230
245 0 _aAesthetic experience and the humanities: Modern ideas of aesthetic experience in the reading of World literature
260 _aNew York, USA
_b Columbia University Press
_c1943
300 _axviii,339p
942 _cTEXL
_h820.1, SHO
999 _c1324679
_d1324679